000 00336nam a22001097a 4500
082 _a621.3 SON'C
100 _aGUPTA, P. V,SONI, M. L
_978090
245 _aA COURSE IN ELECTRICAL POWER GENERATION TRANSMISSION AND DISTRIBUTION PROTECTION AND SWITCHGEAR UTILIZATION
260 _aDELHI
_bDHANPAT RAI
_c1980
300 _a177P
942 _cBK
999 _c583242
_d583242